| 000 | 00610nam a2200241Ia 4500 | ||
|---|---|---|---|
| 003 | OSt | ||
| 005 | 20221005113947.0 | ||
| 006 | a|||||r|||| 00| 0 | ||
| 007 | ta | ||
| 008 | 221004b |||||||| |||| 00| 0 mal d | ||
| 024 | _a56725 | ||
| 037 | _cTextual | ||
| 040 |
_aCRL _cCRL _bmal |
||
| 041 |
_2mal _amal |
||
| 082 | _aO32,3N413x, L8 | ||
| 100 |
_aTulasi Au. _9625237 |
||
| 245 | 0 | _aAlpratlma | |
| 260 | _c1978 | ||
| 650 |
_a MALAYALAM LITERATURE _938866 |
||
| 650 |
_aMALAYALAM FICTION _9183428 |
||
| 942 |
_hO32,3N413x, L8 _cTEXL _2cc |
||
| 999 |
_c1029880 _d1029880 |
||